| 000 | 00798cac a22002291u 4500 | ||
|---|---|---|---|
| 008 | 090108t 1994xxu||||| |||| 00| 0 eng d | ||
| 010 | _a93024018 | ||
| 020 | _a0256118841 | ||
| 020 | _a0256156107 (International ed.) | ||
| 082 | 0 | 4 |
_a658.4038011 _bOBR _222 |
| 100 | _aO'Brien, James A., | ||
| 245 | 1 | 0 |
_aIntroduction to Information Systems / _cJames A. O'Brien. |
| 250 | _a7th ed. | ||
| 260 |
_aBurr Ridge, Ill. : _bIrwin, _cc1994. |
||
| 260 | _bDistributer: Al-Ahram. | ||
| 300 |
_a1 v. : _bcol. ill. ; _c27 cm. |
||
| 500 | _aRev. ed. of : Introduction to information systems in business management. 6th ed. c1991. | ||
| 504 | _aIncludes bibliographical references and indexes. | ||
| 650 | 0 |
_aBusiness _xData processing. _2BUEsh |
|
| 651 | _2BUEsh | ||
| 942 |
_cBB _k658.4038OBR _2ddc |
||
| 999 |
_c8242 _d8242 |
||